Тест на общие знания №36 - Statistics

General Stats
  • This quiz has been taken 38 times
  • The average score is 11 of 20
Answer Stats
Вопрос Ответ % Correct
Недостаток какого витамина может привести к развитию цинги? витамин C
96%
Как звучит слово "брелок" во множественном числе? брелоки
93%
Через что можно попасть в Нарнию? шкаф
89%
Куда, согласно выражению, ведут все дороги? Рим
85%
Что было запрещено в США во времена "сухого закона"? алкоголь
81%
Кто написал "Одиссею"? Гомер
78%
Какой инструмент используется для измерения углов? транспортир
70%
Из чего состоят пули, которыми можно убить оборотня? серебро
63%
На каком факультете Хогвартса учился Седрик Диггори? Пуффендуй
59%
Символом какой идеологии является обведённая буква "А"? анархизм
59%
Как переводится слово "cucaracha" с испанского? таракан
52%
Чем было "сердце океана", которое выбросила в воду Роуз в фильме "Титаник"? бриллиант
37%
Как называется обезличенная форма глагола в английском языке? герундий
30%
Какой современной страной уже 58 лет правит один и тот же султан? Бруней
30%
О чём уведомили Джорджа Буша-младшего, когда тот находился в школе во Флориде? теракты 11-го сентября
30%
Вокалистом какой рок-группы был Эксл Роуз? "Guns & Roses"
30%
Какое растение также называют "японской редькой"? дайкон
26%
Что такое чолла, опунция и сигуаро? виды кактусов
19%
Какой круг Ада, согласно "Божественной комедии", самый верхний? Лимб
15%
Как зовут гигантского змея из скандинавской мифологии? Ёрмунганд
11%
No matching quizzes found
Score Distribution
Percent of People with Each Score
Percentile by Number Answered
Your Score History
You have not taken this quiz